NFL Top 100 Players of 2019 - Statistics

General Stats
  • This quiz has been taken 111 times
  • The average score is 73 of 100
Answer Stats
Ranking Team Position Answer % Correct
1. Rams DT Aaron Donald
99%
2. Saints QB Drew Brees
99%
4. Chiefs QB Patrick Mahomes
99%
8. Packers QB Aaron Rodgers
98%
7. Steelers WR Antonio Brown
98%
9. Falcons WR Julio Jones
98%
6. Patriots QB Tom Brady
98%
36. Chiefs DT Chris Jones
96%
97. Cowboys CB Byron Jones
95%
17. Chargers QB Philip Rivers
95%
14. Saints RB Alvin Kamara
94%
11. Texans WR DeAndre Hopkins
94%
72. Eagles C Jason Kelce
94%
3. Bears LB Khalil Mack
94%
5. Rams RB Todd Gurley
94%
21. Chiefs TE Travis Kelce
94%
12. Texans DE J.J. Watt
93%
38. Chargers WR Keenan Allen
93%
16. Giants RB Saquon Barkley
93%
93. Steelers LB T.J. Watt
93%
19. Chiefs WR Tyreek Hill
93%
15. Seahawks LB Bobby Wagner
92%
18. Cowboys RB Ezekiel Elliott
92%
13. Saints WR Michael Thomas
92%
10. Broncos LB Von Miller
92%
32. Rams QB Jared Goff
90%
25. Seahawks QB Russell Wilson
90%
35. Packers WR Davante Adams
89%
29. 49ers TE George Kittle
89%
37. Jets S Jamal Adams
89%
27. Jaguars CB Jalen Ramsey
88%
47. Steelers WR JuJu Smith-Schuster
88%
83. Vikings S Harrison Smith
87%
61. Cowboys LB Jaylon Smith
87%
23. Giants WR Odell Beckham Jr.
87%
52. Cowboys OT Tyron Smith
87%
20. Colts QB Andrew Luck
86%
44. Steelers QB Ben Roethlisberger
86%
42. Panthers RB Christian McCaffrey
86%
51. Texans QB Deshaun Watson
86%
33. Vikings WR Adam Thielen
85%
41. Saints DE Cameron Jordan
85%
22. Patriots CB Stephon Gilmore
83%
31. Chargers S Derwin James
82%
28. Eagles DT Fletcher Cox
82%
53. Buccaneers WR Mike Evans
82%
49. Browns DE Myles Garrett
82%
24. Panthers LB Luke Kuechly
81%
50. Browns QB Baker Mayfield
80%
40. Eagles TE Zach Ertz
79%
56. Chargers DE Joey Bosa
77%
73. Vikings WR Stefon Diggs
77%
46. Cardinals CB Patrick Peterson
76%
69. Falcons QB Matt Ryan
75%
59. Cowboys OG Zack Martin
75%
58 Bengals WR A.J. Green
74%
87. Panthers QB Cam Newton
73%
64. Cowboys WR Amari Cooper
71%
45. Cowboys DE DeMarcus Lawrence
71%
78. Vikings QB Kirk Cousins
71%
96. Eagles QB Carson Wentz
69%
99. Titans RB Derrick Henry
69%
98. Seahawks WR Tyler Lockett
69%
60. Cardinals WR Larry Fitzgerald
68%
34. Chargers RB Melvin Gordon
68%
80. Saints RB Mark Ingram
67%
81. Redskins OT Trent Williams
67%
48. Chargers DE Melvin Ingram
65%
26. Colts LB Shaquille Leonard
65%
30. Bears S Eddie Jackson
63%
55. Dolphins CB Xavien Howard
62%
88. Steelers DT Cameron Heyward
58%
57. Vikings DE Danielle Hunter
58%
86. Lions CB Darius Slay
57%
70. Colts WR T.Y. Hilton
57%
84. Browns WR Jarvis Landry
56%
43. Packers OT David Bakhtiari
55%
89. Patriots S Devin McCourty
55%
62. Steelers RB James Conner
55%
54. Jaguars DE Calais Campbell
54%
63. Texans LB Jadeveon Clowney
52%
76. Rams WR Robert Woods
50%
68. Broncos RB Phillip Lindsay
48%
91. Rams OT Andrew Whitworth
46%
79. Bengals DT Geno Atkins
46%
66. Colts TE Eric Ebron
42%
74. Cowboys LB Leighton VanderEsch
42%
77. Titans OT Taylor Lewan
42%
90. Patriots WR Julian Edelman
40%
75. Buccaneers DT Gerald McCoy
38%
65. Buccaneers DE Jason Pierre-Paul
38%
85. Seahawks DE Frank Clark
36%
39. Bears DE Akiem Hicks
35%
82. Broncos LB Bradley Chubb
33%
100. Ravens S Eric Weddle
33%
95. Bears CB Kyle Fuller
33%
71. Ravens LB C.J. Mosley
31%
67. Chiefs LB Dee Ford
27%
92. Titans DE Jurrell Casey
27%
94. Chiefs OT Mitchell Schwartz
27%
No matching quizzes found
Score Distribution
Percent of People with Each Score
Percentile by Number Answered
Your Score History
You have not taken this quiz